NLSUI OPAC header image

Gender through the prism of difference / (Record no. 34563)

MARC details
000 -LEADER
fixed length control field 01015cam a22002774a 4500
001 - CONTROL NUMBER
control field 13670528
003 - CONTROL NUMBER IDENTIFIER
control field OSt
005 - DATE AND TIME OF LATEST TRANSACTION
control field 20260113072230.0
008 - FIXED-LENGTH DATA ELEMENTS--GENERAL INFORMATION
fixed length control field 040729s2005 nyu b 000 0 eng
020 ## - INTERNATIONAL STANDARD BOOK NUMBER
International Standard Book Number 0195167643
040 ## - CATALOGING SOURCE
Transcribing agency .
042 ## - AUTHENTICATION CODE
Authentication code pcc
082 00 - DEWEY DECIMAL CLASSIFICATION NUMBER
Classification number 305.3 ZIN
245 00 - TITLE STATEMENT
Title Gender through the prism of difference /
Statement of responsibility, etc. edited by Maxine Baca Zinn, Pierrette Hondagneu-Sotelo, Michael A. Messner.
250 ## - EDITION STATEMENT
Edition statement 3rd ed.
260 ## - PUBLICATION, DISTRIBUTION, ETC.
Place of publication, distribution, etc. New York :
Name of publisher, distributor, etc. Oxford University Press,
Date of publication, distribution, etc. c2005.
300 ## - PHYSICAL DESCRIPTION
Extent x, 559 p. :
Dimensions 24 cm.
650 #0 - SUBJECT ADDED ENTRY--TOPICAL TERM
Topical term or geographic name entry element Sex role.
700 1# - ADDED ENTRY--PERSONAL NAME
Personal name Zinn, Maxine Baca,
Dates associated with a name 1942-
700 1# - ADDED ENTRY--PERSONAL NAME
Personal name Hondagneu-Sotelo, Pierrette.
700 1# - ADDED ENTRY--PERSONAL NAME
Personal name Messner, Michael A.
856 41 - ELECTRONIC LOCATION AND ACCESS
Materials specified Table of contents
Uniform Resource Identifier <a href="http://www.loc.gov/catdir/toc/fy053/2004057573.html">http://www.loc.gov/catdir/toc/fy053/2004057573.html</a>
942 ## - ADDED ENTRY ELEMENTS (KOHA)
Source of classification or shelving scheme Dewey Decimal Classification
Koha item type BOOKs
Holdings
Withdrawn status Lost status Damaged status Not for loan Home library Current library Shelving location Date acquired Cost, normal purchase price Total Checkouts Full call number Barcode Date last seen Date last checked out Price effective from Koha item type
        . .   30.05.2017 3547.00 3 305.3 ZIN 30600 08.08.2025 02.08.2025 30.05.2017 BOOKs